| 000 -LEADER |
| fixed length control field |
00395nam a2200145Ia 4500 |
| 003 - CONTROL NUMBER IDENTIFIER |
| control field |
OSt |
| 005 - DATE AND TIME OF LATEST TRANSACTION |
| control field |
20220302171835.0 |
| 008 - FIXED-LENGTH DATA ELEMENTS--GENERAL INFORMATION |
| fixed length control field |
220112s9999||||xx |||||||||||||| ||und|| |
| 020 ## - INTERNATIONAL STANDARD BOOK NUMBER |
| International Standard Book Number |
9780415584791 |
| 100 ## - MAIN ENTRY--PERSONAL NAME |
| Personal name |
Bićanić, N. (Nenad) |
| 245 #0 - TITLE STATEMENT |
| Title |
Computational modelling of concrete structures |
| 250 ## - EDITION STATEMENT |
| Edition statement |
Bićanić, N.; Borst, René de; Meschke, Günther |
| 260 ## - PUBLICATION, DISTRIBUTION, ETC. (IMPRINT) |
| Name of publisher, distributor, etc |
CRC Press, |
| 942 ## - ADDED ENTRY ELEMENTS (KOHA) |
| Source of classification or shelving scheme |
|